| 000 | 00524ntaaa2200193 4500 | ||
|---|---|---|---|
| 003 | 01 | ||
| 005 | 20251027202341.0 | ||
| 008 | 0714s1973 ag 01 | ||
| 040 |
_aAR-BaBN _bspa _cAR-BaBN _eaacr _dRIC |
||
| 082 | _a297.1400 M52 | ||
| 100 |
_aMendenhall, George E. _922162 |
||
| 245 | _aLaw and covenant in Israel and the ancient near east | ||
| 250 | _a1 ed. | ||
| 260 |
_aPittsburgh : _bPresbyterian Board, _c1954, 1955 |
||
| 300 | _a50 p | ||
| 500 | _aLa ley y el pacto en Israel | ||
| 650 |
_aPacto _915702 |
||
| 942 | _cBK | ||
| 999 |
_c18390 _d18390 |
||